|
|
|
|
| LEADER |
01062nam a2200337 4500 |
| 001 |
DLU090098528 |
| 005 |
##20091201 |
| 040 |
# |
# |
|a DLU
|b eng
|
| 041 |
# |
# |
|a eng
|
| 044 |
# |
# |
|a us
|
| 245 |
# |
# |
|a Conjugative plasmid transfer between Pseudomonas strains within alginate bead microcosms: Effect of the internal gel structure /
|c Denis D. G. Mater ... [et al.].
|
| 653 |
# |
# |
|a Alginate beads
|
| 653 |
# |
# |
|a Cell confinement
|
| 653 |
# |
# |
|a Conjugative transfer
|
| 653 |
# |
# |
|a Microcosms
|
| 653 |
# |
# |
|a Pseudomonas
|
| 700 |
# |
# |
|a Barbotin, Jean-Noel.
|
| 700 |
# |
# |
|a Mater, Denis D. G.
|
| 700 |
# |
# |
|a Saucedo, Jose E. Nava.
|
| 700 |
# |
# |
|a Thomas, Daniel.
|
| 700 |
# |
# |
|a Truffaut, Nicole.
|
| 773 |
# |
# |
|t Biotechnology and Bioengineering
|g Vol. 65, no. 1 (October 1999), p. 34-43
|
| 920 |
# |
# |
|a Phòng Tạp chí -- Trung tâm Thông tin - Thư viện Trường Đại học Đà Lạt
|
| 994 |
# |
# |
|a DLU
|
| 900 |
# |
# |
|a True
|
| 911 |
# |
# |
|a Trương Bảo Trâm Anh
|
| 925 |
# |
# |
|a G
|
| 926 |
# |
# |
|a A
|
| 927 |
# |
# |
|a BB
|
| 980 |
# |
# |
|a Thư viện Trường Đại học Đà Lạt
|